| 000 | 00809nam a2200277Ia 4500 | ||
|---|---|---|---|
| 001 | Para_4842 | ||
| 003 | CHAP | ||
| 008 | 220125s1914 xx 000 0 und d | ||
| 010 | _a203283 | ||
| 040 | _cCHAP | ||
| 090 | _aPA FOLLETO 2245 | ||
| 100 |
_aMohler, John R _977287 |
||
| 245 |
_aInmunization tests with glanders vaccine / _c by John R. Mohler and Adolph Eichhorn |
||
| 260 |
_aWashington : _b Department of Agriculture |
||
| 300 | _a13 p. | ||
| 440 |
_aEUA. Dep. of Agri. Bull.; 70 _9168990 |
||
| 650 |
_aGanado caballar _x Enfermedades Vacunas _9168991 |
||
| 700 |
_aEichhorn, Adolph _935789 |
||
| 901 | _aPA FOLLETO 2245 | ||
| 902 | _aA | ||
| 905 | _a0000001914 WAS 0000000000 00 | ||
| 910 | _a1914 | ||
| 942 | _cPARA | ||
| 942 |
_cPARA _d1 |
||
| 999 |
_c203283 _d203283 |
||